=LDR 00000nam 2200000 4500 =001 INLIS000000000028846 =005 20130612131124 =008 ***********************************ind** =035 ##$$0010-061300000028846 =041 ##$$a ind =082 ##$$a 382.104 =090 ##$$a 382.104, AMI s =100 ##$$a Amir M.S =245 ##$$a Seluk-beluk dan teknik perdagangan luar negeri, Suatu penuntun impor dan ekspor, Amir M.S =260 ##$$a 1984 $b Jakarta =300 ##$$a xiii, 260 hlm., 24 cm =650 ##$$a Perdagangan luar Negeri =850 ##$$a NBPNMAT